| 000 | 00803nam a2200217 a 4500 | ||
|---|---|---|---|
| 001 | 000017019 | ||
| 005 | 20200929165015.0 | ||
| 008 | 100312s1941 sp 000 f spa d | ||
| 040 |
_aDO-SdBNP _bspa _cBNPHU |
||
| 082 |
_a863.3 _bV436di |
||
| 100 | 1 |
_aVélez de Guevara, Luis, _d1579-1644 _94138 |
|
| 245 | 1 | 3 |
_aEl diablo cojuelo / _cLuis Vélez de Guevara ; prólogo y notas de Francisco Rodríguez Marín. |
| 260 |
_aMadrid : _bEspasa-Calpe, _c1941. |
||
| 300 |
_axxv, 227, [2] p. ; _c18 cm. |
||
| 490 | 1 |
_aClásicos castellanos _v38 |
|
| 504 | _aIncluye referencias bibliográficas y notas al pie de las páginas. | ||
| 650 | 4 |
_aNovela española _91123 |
|
| 650 | 4 |
_aLiteratura española _9632 |
|
| 700 | 1 |
_aRodríguez Marín, Francisco, _epról. _915860 |
|
| 830 | 0 |
_aClásicos castellanos ; _v38 _94180 |
|
| 999 |
_c16546 _d16546 |
||